Nueva revista de política, cultura y arte (Registro nro. 25831)

Detalles MARC
000 -CABECERA
Longitud fija campo de control 00871nas a22002057a 4500
003 - IDENTIFICADOR DELl NÚMERO DE CONTROL
Identificador del número de control OSt
005 - FECHA Y HORA DE LA ÚLTIMA TRANSACCIÓN
Fecha y hora de la última transacción 20160914093444.0
008 - CÓDIGOS DE INFORMACIÓN DE LONGITUD FIJA
Códigos de información de longitud fija 160601b xxu||||| |||| 00| 0 eng d
022 ## - NÚMERO INTERNACIONAL NORMALIZADO PARA PUBLICACIONES SERIADAS
Número Internacional Normalizado para Publicaciones Seriadas 1130-0426
040 ## - FUENTE DE LA CATALOGACIÓN
Centro transcriptor BMC
082 ## - NÚMERO DE LA CLASIFICACIÓN DECIMAL DEWEY
Númeroo de clasificación 320.3064
245 00 - MENCIÓN DE TÍTULO
Título Nueva revista de política, cultura y arte
Nombre de parte o sección de la obra : enero-febrero
Mención de responsabilidad, etc. Antonio Fontán (Presidente y editor)
260 ## - PUBLICACIÓN, DISTRIBUCIÓN, ETC. (PIE DE IMPRENTA)
Lugar de publicación, distribución, etc. Madrid
Nombre del editor, distribuidor, etc. Difusiones y Promociones Editoriales, S.A. (Diproedisa)
Fecha de publicación, distribución, etc. 2003
300 ## - DESCRIPCIÓN FÍSICA
Extensión 168 p.
Dimensiones 21 cm
490 ## - MENCIÓN DE SERIE
Mención de serie Nueva revista de política, cultura y arte
Designación de volumen o secuencia 85
505 ## - NOTA DE CONTENIDO CON FORMATO
Nota de contenido con formato Contiene: Propósito del patriotismo.- ¿Es miope la alianza atlántica?.- Entre la regulación y la competencia.- Televisión y procesos de aprendizaje.- De la diversión de las masas.- El nacimiento del cine alemán.-
650 24 - PUNTO DE ACCESO ADICIONAL DE MATERIA - TÉRMINO DE MATERIA
9 (RLIN) 12628
Término de materia o nombre geográfico como elemento inicial Política cultural
700 1# - PUNTO DE ACCESO ADICIONAL - NOMBRE DE PERSONA
9 (RLIN) 3186
Nombre de persona Fontán, Antonio
Fechas asociadas al nombre 1923-2010
942 ## - ENTRADA DE ELEMENTOS AGREGADOS (KOHA)
Fuente de clasificaión o esquema Dewey Decimal Classification
Koha [por defecto] tipo de item 2- Prensa y Revistas
Existencias
Suprimido Perdido Fuente de clasificación o esquema Estropeado Restricciones de uso No para préstamo Código de colección Localización permanente Localización actual Localización en estanter&íacute;as Fecha adquisición Fuente de adquisición Número de inventario Préstamos totales Signatura completa Código de barras Fecha última consulta Coste, precio reemplazado Fecha del precio de reemplazo Tipo de item de Koha
NULL NULL Dewey Decimal Classification NULL Prestable NULL NULL Biblioteca Miguel de Cervantes - UNICAES Biblioteca Miguel de Cervantes - UNICAES Sala Principal 13/05/2006 Donación - ADESH 000048   NUE-000048 1037995 13/09/2016 5.00 13/09/2016 2- Prensa y Revistas